000 01234nam a2200313Ia 4500
001 ebr10279271
003 CaPaEBR
006 m u
007 cr cn|||||||||
008 910722s1992 nyu sb 001 0 eng d
010 _z 91029817
020 _z0195074270
020 _z9780195074277
040 _aCaPaEBR
_cCaPaEBR
035 _a(OCoLC)252591262
050 1 4 _aBL2765.G7
_bS66 1992eb
082 0 4 _a261
_220
100 1 _aSommerville, C. John
_q(Charles John),
_d1938-
245 1 4 _aThe secularization of early modern England
_h[electronic resource] :
_bfrom religious culture to religious faith /
_cC. John Sommerville.
260 _aNew York :
_bOxford University Press,
_cc1992.
300 _a227 p.
504 _aIncludes bibliographical references and index.
533 _aElectronic reproduction.
_bPalo Alto, Calif. :
_cebrary,
_d2009.
_nAvailable via World Wide Web.
_nAccess may be limited to ebrary affiliated libraries.
650 0 _aSecularism
_zEngland
_xHistory.
651 0 _aEngland
_xReligion.
655 7 _aElectronic books.
_2local
710 2 _aebrary, Inc.
856 4 0 _uhttp://site.ebrary.com/lib/rucke/Doc?id=10279271
_zAn electronic book accessible through the World Wide Web; click to view
999 _c3834
_d3834